International economic review
Gespeichert in:
| Format: | Schriftenreihe |
|---|---|
| Sprache: | Englisch |
| Veröffentlicht: |
Philadelphia
Economics Department of the University of Pennsylvania
2008
|
| Schlagworte: | |
| Tags: |
Keine Tags, Fügen Sie das erste Tag hinzu!
|
MARC
| LEADER | 00000nas2a2200000 4500 | ||
|---|---|---|---|
| 001 | 0147766 | ||
| 005 | 20120214083438.8 | ||
| 022 | |a 0020-6598 | ||
| 041 | 0 | |a eng | |
| 044 | |a US | ||
| 245 | 1 | 0 | |a International economic review |
| 264 | 1 | |a Philadelphia |b Economics Department of the University of Pennsylvania |c 2008 | |
| 773 | 0 | |w eu_un_cat*s120083 | |
| 610 | 2 | 0 | |a ekonómia |
| 610 | 2 | 0 | |a modely ekonomicko-matematické |
| 610 | 2 | 0 | |a výskum ekonomický |